Intellectual Property Rights, Rand D, inventions, Technology Purchase, and Piracy in Economic Development <An> International Comparative Study

Salvato in:
Dettagli Bibliografici
Autore principale: Evenson, Robert E.
Natura: Libro
Lingua:inglese
Pubblicazione: New Haven Yale University 1990
Edizione:1. ed.
Serie:Center Paper No.441
Tags: Aggiungi Tag
Nessun Tag, puoi essere il primo ad aggiungerne!!

MARC

LEADER 00000nam a2200000 4500
001 c033371
005 20221215113950.0
041 0 |a eng 
044 |a US 
245 1 0 |a Intellectual Property Rights, Rand D, inventions, Technology Purchase, and Piracy in Economic Development  |b <An> International Comparative Study  |c Robert E. Evenson 
250 |a 1. ed. 
264 1 |a New Haven  |b Yale University  |c 1990 
300 |a S.325-335 
490 1 |a Center Paper  |v No.441 
830 0 |a Center Paper  |v No.441 
100 1 |a Evenson, Robert E.